Intercambio epistolar en el derecho laboral / (Registro nro. 6561)
[ vista simple ]
| 000 -LEADER | |
|---|---|
| fixed length control field | 01365nab a22002297a 4500 |
| 003 - CONTROL NUMBER IDENTIFIER | |
| control field | OSt |
| 005 - DATE AND TIME OF LATEST TRANSACTION | |
| control field | 20260224113145.0 |
| 008 - FIXED-LENGTH DATA ELEMENTS--GENERAL INFORMATION | |
| fixed length control field | 190506c xxu||||| |||| 00| 0 spa d |
| 040 ## - CATALOGING SOURCE | |
| Transcribing agency | PJ |
| 100 ## - MAIN ENTRY--PERSONAL NAME | |
| 9 (RLIN) | 7140 |
| Personal name | Del Sastre, Manuela |
| 245 10 - TITLE STATEMENT | |
| Title | Intercambio epistolar en el derecho laboral / |
| Statement of responsibility, etc | Manuela Del Sastre. |
| 260 ## - PUBLICATION, DISTRIBUTION, ETC. (IMPRINT) | |
| Place of publication, distribution, etc | Buenos Aires : |
| Name of publisher, distributor, etc | AbeledoPerrot, |
| Date of publication, distribution, etc | 2024. |
| 300 ## - PHYSICAL DESCRIPTION | |
| Extent | p. 8-27 |
| 500 ## - GENERAL NOTE | |
| General note | Cita: TR LALEY AR/DOC/1675/2024. |
| 505 ## - FORMATTED CONTENTS NOTE | |
| Formatted contents note | Sumario: I. Intercambio epistolar en el derecho laboral.— II. Recaudos epistolares.— III. Estructura del telegrama.— IV. Ley 23.789 - Gratuidad del trámite para trabajadores.— V. Cuantía de telegramas que se pueden enviar en una relación laboral.— VI. Teorías sobre el intercambio epistolar.— VII. Vicisitudes de las misivas.— VIII. Consecuencias de la falta de respuestas del empleador ante la recepción de los telegramas del trabajador.— IX. Las nuevas tecnologías como forma de comunicación en el derecho laboral.— X. Conclusión. |
| 505 ## - FORMATTED CONTENTS NOTE | |
| Title | ¿Te interesa el texto completo? Comunicate al correo: koha@justierradelfuego.gov.ar |
| 650 #0 - SUBJECT ADDED ENTRY--TOPICAL TERM | |
| 9 (RLIN) | 1316 |
| Topical term or geographic name as entry element | DERECHO LABORAL |
| 650 #0 - SUBJECT ADDED ENTRY--TOPICAL TERM | |
| 9 (RLIN) | 5511 |
| Topical term or geographic name as entry element | CARTA DOCUMENTO |
| 650 #0 - SUBJECT ADDED ENTRY--TOPICAL TERM | |
| 9 (RLIN) | 1487 |
| Topical term or geographic name as entry element | TELEGRAMA |
| 773 0# - HOST ITEM ENTRY | |
| Host Biblionumber | 2751 |
| Host Itemnumber | 3202 |
| Place, publisher, and date of publication | Buenos Aires : AbeledoPerrot, 2013- |
| Title | Revista de derecho laboral y seguridad social. Nº 15 - Agosto 2024 |
| 942 ## - ADDED ENTRY ELEMENTS (KOHA) | |
| Source of classification or shelving scheme | |
| Koha item type | Analítica Artículo de Revista |
No hay ítems disponibles.
